ბათუმის შოთა რუსთაველის სახელმწიფო უნივერსიტეტის ბიბლიოთეკა

ეკონომიკური პროფილი = Economic Profile : (ბიბ.ჩანაწერი № 57308)

000 -LEADER
fixed length control field 01171nam a22001817a 4500
005 - DATE AND TIME OF LATEST TRANSACTION
control field 20200219122645.0
008 - FIXED-LENGTH DATA ELEMENTS--GENERAL INFORMATION
fixed length control field 200219s2019ge xxu||||| |||| 00| 0 geo d
020 ## - INTERNATIONAL STANDARD BOOK NUMBER
Qualifying information 15123901
041 ## - LANGUAGE CODE
Language code of text/sound track or separate title geo
245 ## - TITLE STATEMENT
Title ეკონომიკური პროფილი = Economic Profile :
Remainder of title 2019 № 19 : ქუთაისის უნივერსიტეტის რეფერირებადი და რეცენზირებადი საერთაშორისო სამეცნიერო -პრაქტიკული ჟურნალი /
Statement of responsibility, etc. მთ.რედ. ნიკოლოზ ჩიხლაძე .
260 ## - PUBLICATION, DISTRIBUTION, ETC.
Place of publication, distribution, etc. ქუთაისი :
Name of publisher, distributor, etc. ქუთაისის უნივერსიტეტის გამ-ბა,
Date of publication, distribution, etc. 2019.
300 ## - PHYSICAL DESCRIPTION
Extent V.
653 ## - INDEX TERM--UNCONTROLLED
Uncontrolled term ეკონომიკა
653 ## - INDEX TERM--UNCONTROLLED
Uncontrolled term პერიოდიკა
700 ## - ADDED ENTRY--PERSONAL NAME
Personal name ჩიხლაძე, ნიკოლოზ
Relator term მთავარი რედაქტორი
9 (RLIN) 107
856 ## - ELECTRONIC LOCATION AND ACCESS
Uniform Resource Identifier http://dspace.nplg.gov.ge/bitstream/1234/315352/1/Ekonomikuri_Profili_2019_N19.pdf
Link text pdf ელექტრონული ვერსია
942 ## - ADDED ENTRY ELEMENTS (KOHA)
Source of classification or shelving scheme
Koha item type პერიოდიკა
ეგზემპლარები
Withdrawn status Lost status Source of classification or shelving scheme Damaged status Not for loan Permanent Location Current Location Date acquired Serial Enumeration / chronology Barcode Date last seen Copy number Price effective from Koha item type
        შიდა ფონდი ბათუმის შოთა რუსთაველის სახელმწიფო უნივერსიტეტის მთავარი ბიბლიოთეკა ბათუმის შოთა რუსთაველის სახელმწიფო უნივერსიტეტის მთავარი ბიბლიოთეკა 2020-02-19 2019 № 19 p80599 2020-02-19 p80599 2020-02-19 პერიოდიკა